00646nam a2200145Ia 4500008004100000020001500041050002300056100003200079245007600111260004400187300003500231500005400266505015600320650002400476120626s1994 mx a 000 0 spa d a9686664819 aQ180.M4 bP47 1994 aPérez Tamayo, Ruyeeditor aPalabras académicasb: Conferencias 1984-1993c/ Ruy, Pérez Tamayo  aMéxicob: El Colegio Nacionalc, 1994 a776 páginas bIlustraciones  aIncluye: Prólogo (pp. 1-3), Notas (pp. 769-776) aCiencia, cultura y educación superior (1984-1993) Del oficio médico (1985-1991) Clío médica (1985-1992) Personas y personajes (1984-1990) aCIENCIAS - MÉXICO